00674nam a2200169Ia 450000500170000000800410001702000180005808200240007610000240010024500700012426000400019430000150023444000350024994200070028499900190029195201940031020241107100848.0240126s9999 xx 000 0 und d a9780143424734 a330.95482 MUK;1 R aMukund, Kanakalatha 4aThe world of the Tamil merchant : pioneers of International trade bPenguin Random HouseaHaryanac2012 axliii, 191 aThe stories of Indian business cPU c287263d287263 r2024-01-26 00:00:00l0o330.95482 MUK;1 RpPU9759h(04/07/1905)v201.53w2024-01-26yPU1040708MBA00K90277aMLbMLcMBAd2019-04-26eBook Paradiseg279.90EMBAGRSF1V78.372URupees